[Event "MPJBiS 2020"]
[Site "?"]
[Date "2020.08.28"]
[Round "6.3"]
[White "Sniadecki, Oskar"]
[Black "Raczek, Krzysztof"]
[Result "0-1"]
[BlackElo "1559"]
[WhiteElo "1569"]
[LiveChessVersion "1.4.8"]

1. d4 {[%clk 0:15:19]} Nf6 {[%clk 0:15:19]} 2. Bg5 {[%clk 0:15:27]} e6
{[%clk 0:14:49]} 3. e3 {[%clk 0:15:01]} d5 {[%clk 0:14:53]} 4. Nf3
{[%clk 0:14:54]} h6 {[%clk 0:15:01]} 5. Bh4 {[%clk 0:15:02]} c5 {[%clk 0:15:05]}
6. c3 {[%clk 0:14:55]} Qb6 {[%clk 0:15:13]} 7. Qc2 {[%clk 0:15:00]} Nbd7
{[%clk 0:15:12]} 8. Nbd2 {[%clk 0:15:04]} Bd6 {[%clk 0:15:14]} 9. Be2
{[%clk 0:14:52]} Qc7 {[%clk 0:15:01]} 10. O-O {[%clk 0:14:50]} b6
{[%clk 0:15:00]} 11. Rac1 {[%clk 0:14:38]} Bb7 {[%clk 0:15:07]} 12. Bg3
{[%clk 0:14:23]} Ne4 {[%clk 0:14:54]} 13. Nxe4 {[%clk 0:14:11]} dxe4
{[%clk 0:15:02]} 14. Nd2 {[%clk 0:14:19]} Bxg3 {[%clk 0:15:00]} 15. hxg3
{[%clk 0:14:25]} f5 {[%clk 0:15:04]} 16. Bh5+ {[%clk 0:14:21]} Ke7
{[%clk 0:14:54]} 17. c4 {[%clk 0:14:14]} Nf6 {[%clk 0:14:51]} 18. Be2
{[%clk 0:14:17]} cxd4 {[%clk 0:14:42]} 19. exd4 e3 20. fxe3 {[%clk 0:14:23]} Qxg3
{[%clk 0:14:59]} 21. Bf3 {[%clk 0:14:27]} Ng4 {[%clk 0:15:03]} 22. Rfd1
{[%clk 0:14:07]} Qf2+ {[%clk 0:15:04]} 23. Kh1 {[%clk 0:14:15]} Qh4+
{[%clk 0:15:08]} 24. Kg1 {[%clk 0:14:24]} Qh2+ {[%clk 0:15:17]} 0-1

[Event "MPJBiS 2020"]
[Site "?"]
[Date "2020.08.28"]
[Round "6.4"]
[White "Rosa, Antoni"]
[Black "Grot, Blazej"]
[Result "0-1"]
[BlackElo "1601"]
[WhiteElo "1506"]
[LiveChessVersion "1.4.8"]

1. c4 {[%clk 0:15:17]} c6 {[%clk 0:15:19]} 2. Nc3 {[%clk 0:15:23]} d5
{[%clk 0:15:25]} 3. cxd5 {[%clk 0:15:27]} cxd5 {[%clk 0:15:34]} 4. d4
{[%clk 0:15:32]} Nf6 {[%clk 0:15:39]} 5. e3 {[%clk 0:15:32]} e6 {[%clk 0:15:48]}
6. Nf3 {[%clk 0:15:38]} Bd6 {[%clk 0:15:55]} 7. Bb5+ {[%clk 0:15:17]} Bd7
{[%clk 0:16:00]} 8. Bxd7+ {[%clk 0:15:21]} Nbxd7 {[%clk 0:16:08]} 9. Bd2
{[%clk 0:15:19]} a6 {[%clk 0:16:17]} 10. O-O {[%clk 0:15:15]} Rc8
{[%clk 0:16:24]} 11. Rc1 {[%clk 0:15:17]} O-O {[%clk 0:16:32]} 12. Qe2
{[%clk 0:14:41]} Qe7 {[%clk 0:16:33]} 13. e4 {[%clk 0:13:41]} dxe4
{[%clk 0:16:31]} 14. Nxe4 {[%clk 0:13:50]} Nxe4 {[%clk 0:16:39]} 15. Qxe4
{[%clk 0:13:57]} Nf6 {[%clk 0:16:48]} 16. Qd3 {[%clk 0:13:37]} Qd7
{[%clk 0:16:40]} 17. Bg5 {[%clk 0:13:27]} Nd5 {[%clk 0:16:45]} 18. Ne5
{[%clk 0:12:53]} Bxe5 {[%clk 0:16:49]} 19. dxe5 {[%clk 0:12:58]} h6
{[%clk 0:16:58]} 20. Be3 {[%clk 0:13:00]} Rxc1 {[%clk 0:16:27]} 21. Rxc1
{[%clk 0:13:01]} Rc8 {[%clk 0:16:35]} 22. Qd2 {[%clk 0:11:23]} Nxe3
{[%clk 0:15:54]} 23. Rxc8+ {[%clk 0:10:42]} Qxc8 {[%clk 0:16:02]} 24. fxe3
{[%clk 0:10:49]} Qc5 {[%clk 0:15:30]} 25. Qd8+ {[%clk 0:10:43]} Kh7
{[%clk 0:15:38]} 26. Qd3+ {[%clk 0:10:27]} g6 {[%clk 0:15:46]} 27. Qd4
{[%clk 0:09:58]} Qc1+ {[%clk 0:15:38]} 28. Kf2 {[%clk 0:09:56]} b5
{[%clk 0:15:42]} 29. Ke2 {[%clk 0:08:57]} a5 {[%clk 0:15:35]} 30. Qf4
{[%clk 0:07:00]} Qxb2+ {[%clk 0:15:40]} 31. Kf3 {[%clk 0:07:02]} Kg8
{[%clk 0:15:40]} 32. Qf6 {[%clk 0:06:49]} Qxa2 {[%clk 0:15:39]} 33. Qd8+
{[%clk 0:06:49]} Kh7 {[%clk 0:15:48]} 34. Qf6 {[%clk 0:06:47]} Qd5+
{[%clk 0:15:56]} 35. Ke2 {[%clk 0:06:40]} Qxg2+ {[%clk 0:16:03]} 36. Ke1
{[%clk 0:06:40]} Qb7 {[%clk 0:16:11]} 37. Qf2 {[%clk 0:06:40]} b4
{[%clk 0:16:15]} 38. Qb2 {[%clk 0:06:48]} a4 {[%clk 0:16:20]} 39. Kf2
{[%clk 0:06:35]} a3 {[%clk 0:15:59]} 40. Qb3 {[%clk 0:06:40]} Qd5
{[%clk 0:15:56]} 41. Qxb4 {[%clk 0:06:23]} a2 {[%clk 0:16:05]} 42. Qc3
{[%clk 0:05:45]} Qa8 {[%clk 0:16:00]} 43. Qa1 {[%clk 0:05:38]} Qa4
{[%clk 0:16:07]} 44. Kf3 {[%clk 0:05:26]} Qc2 {[%clk 0:16:15]} 45. Qd4
{[%clk 0:05:19]} Qb1 {[%clk 0:16:22]} 46. Qf4 {[%clk 0:04:42]} Qf5
{[%clk 0:16:30]} 0-1

[Event "MPJBiS 2020"]
[Site "?"]
[Date "2020.08.28"]
[Round "6.5"]
[White "Nawalaniec, Adam"]
[Black "Bartodziej, Bartosz"]
[Result "1/2-1/2"]
[BlackElo "1563"]
[WhiteElo "1458"]
[LiveChessVersion "1.4.8"]

1. e4 c5 2. c3 d5 3. exd5 Qxd5 4. d4 e6 5. Nf3 Nf6 6. Be2 Nc6 7. c4 Qd7 8. dxc5
Bxc5 9. O-O O-O 10. Nc3 Rd8 11. Bg5 Be7 12. Qc2 b6 13. Rad1 Qe8 14. Nb5 Rd7 15.
Rxd7 Qxd7 16. Rd1 Qb7 17. Qd3 h6 18. Nd6 Qb8 19. Bxf6 Bxf6 20. Ne4 Be7 21. a3 Bb7
22. b4 Ne5 23. Qd4 Nxf3+ 24. Bxf3 Qf4 25. Nf6+ Qxf6 26. Qxf6 Bxf6 27. Bxb7 Rd8
28. Rxd8+ Bxd8 1/2-1/2

[Event "MPJBiS 2020"]
[Site "?"]
[Date "2020.08.28"]
[Round "6.6"]
[White "Skrzypinski, Jan"]
[Black "Dobosiewicz, Dawid"]
[Result "1/2-1/2"]
[BlackElo "1405"]
[WhiteElo "1519"]
[LiveChessVersion "1.4.8"]

1. e4 {[%clk 0:15:16]} c5 {[%clk 0:15:19]} 2. Nf3 {[%clk 0:15:25]} e6
{[%clk 0:15:28]} 3. d4 {[%clk 0:15:19]} cxd4 {[%clk 0:15:35]} 4. Nxd4
{[%clk 0:15:18]} Nc6 {[%clk 0:15:44]} 5. Nxc6 {[%clk 0:15:25]} bxc6
{[%clk 0:15:52]} 6. Nc3 {[%clk 0:15:34]} d5 {[%clk 0:15:54]} 7. exd5
{[%clk 0:15:42]} cxd5 {[%clk 0:16:03]} 8. Bb5+ {[%clk 0:15:42]} Bd7
{[%clk 0:16:12]} 9. Bxd7+ {[%clk 0:15:51]} Qxd7 {[%clk 0:16:21]} 10. O-O
{[%clk 0:15:55]} Bb4 {[%clk 0:16:25]} 11. Be3 {[%clk 0:15:51]} Nf6
{[%clk 0:16:25]} 12. Bd4 {[%clk 0:15:43]} Bxc3 {[%clk 0:15:46]} 13. Bxc3
{[%clk 0:15:51]} O-O {[%clk 0:15:43]} 14. Qd4 {[%clk 0:15:04]} Rfe8
{[%clk 0:15:28]} 15. f4 {[%clk 0:15:12]} Qc7 {[%clk 0:15:13]} 16. Rae1
{[%clk 0:15:15]} Qb6 {[%clk 0:15:16]} 17. Rf3 {[%clk 0:14:26]} Ne4
{[%clk 0:14:59]} 18. a3 {[%clk 0:12:16]} Rac8 {[%clk 0:14:31]} 19. Qxb6
{[%clk 0:10:39]} axb6 {[%clk 0:14:37]} 20. Rd3 {[%clk 0:09:36]} Nxc3
{[%clk 0:14:20]} 21. bxc3 {[%clk 0:09:36]} Rc4 {[%clk 0:14:29]} 22. Rxd5
{[%clk 0:09:38]} Rxc3 {[%clk 0:14:15]} 23. Rb5 {[%clk 0:09:29]} Rxa3
{[%clk 0:14:09]} 24. Rxb6 {[%clk 0:09:37]} Rc3 {[%clk 0:14:18]} 25. Re2
{[%clk 0:09:38]} g6 {[%clk 0:14:19]} 26. Rb3 {[%clk 0:09:13]} Rxb3
{[%clk 0:14:14]} 27. cxb3 {[%clk 0:09:22]} Rb8 {[%clk 0:14:23]} 28. Re3
{[%clk 0:09:31]} Rb4 {[%clk 0:14:26]} 29. g3 {[%clk 0:09:40]} Kf8
{[%clk 0:14:35]} 30. Kf2 {[%clk 0:09:43]} Ke7 {[%clk 0:14:43]} 31. Rd3
{[%clk 0:09:52]} Re4 {[%clk 0:14:20]} 32. Kf3 {[%clk 0:10:00]} Re1
{[%clk 0:14:27]} 33. Rd4 {[%clk 0:09:05]} Rb1 {[%clk 0:14:29]} 34. Rb4
{[%clk 0:09:13]} h5 {[%clk 0:14:16]} 35. Rb7+ {[%clk 0:09:22]} Kf6
{[%clk 0:14:22]} 36. b4 {[%clk 0:09:25]} Rb3+ {[%clk 0:14:06]} 37. Ke4
{[%clk 0:08:39]} Rb2 {[%clk 0:14:12]} 38. h3 {[%clk 0:08:47]} Rb3
{[%clk 0:14:16]} 39. g4 {[%clk 0:08:50]} Rxh3 {[%clk 0:14:16]} 40. g5+
{[%clk 0:08:58]} Kg7 {[%clk 0:14:24]} 41. b5 {[%clk 0:09:07]} Rb3
{[%clk 0:14:30]} 42. Kd4 {[%clk 0:08:39]} Rb4+ {[%clk 0:14:20]} 43. Kc5
{[%clk 0:08:20]} Rxf4 {[%clk 0:14:28]} 44. b6 {[%clk 0:08:28]} Rf5+
{[%clk 0:14:37]} 45. Kc6 {[%clk 0:08:37]} Rf1 {[%clk 0:14:30]} 46. Rc7
{[%clk 0:08:15]} Rc1+ {[%clk 0:14:12]} 47. Kd7 {[%clk 0:08:23]} Rb1
{[%clk 0:14:18]} 48. b7 {[%clk 0:08:32]} e5 {[%clk 0:14:16]} 49. Ke8
{[%clk 0:08:40]} e4 {[%clk 0:14:05]} 50. Rxf7+ {[%clk 0:08:47]} Kg8
{[%clk 0:14:12]} 51. Rf8+ {[%clk 0:08:51]} Kg7 {[%clk 0:14:19]} 52. Rf7+
{[%clk 0:08:59]} Kg8 {[%clk 0:14:28]} 1/2-1/2

[Event "MPJBiS 2020"]
[Site "?"]
[Date "2020.08.28"]
[Round "6.7"]
[White "Liskiewicz, Jakub"]
[Black "Wierzbicki, Dawid"]
[Result "0-1"]
[BlackElo "1507"]
[WhiteElo "1424"]
[LiveChessVersion "1.4.8"]

1. d4 e6 2. c4 b6 3. Nf3 Bb7 4. e3 f5 5. Bd3 Nf6 6. O-O Be7 7. Nc3 O-O 8. Nd2 d6
9. f3 e5 10. Bxf5 exd4 11. exd4 Nbd7 12. d5 Ne5 13. Qc2 Bc8 14. Bxc8 Qxc8 15.
Nce4 Qa6 16. b3 Rae8 17. Ng5 b5 18. Ne6 Rf7 19. Nxc7 Qb6+ 20. Kh1 Qxc7 21. Bb2
Nxd5 22. Qe4 Nf6 23. Qe2 bxc4 24. Bxe5 dxe5 25. Nxc4 Bc5 26. Nd2 Bd4 27. Rac1 Qe7
28. Qc4 Qe6 29. Qa4 Nd5 30. Ne4 Nb6 31. Qb5 Qd7 32. Qb4 Nd5 33. Qd6 Rd8 34. Qa6
Ne3 35. Rfe1 Qf5 36. Qa5 Rdf8 37. Qd2 Qf4 38. Nf2 Ng4 39. Qxf4 Nxf2+ 40. Kg1 exf4
41. Kf1 Nd3 0-1

[Event "MPJBiS 2020"]
[Site "?"]
[Date "2020.08.28"]
[Round "6.8"]
[White "Sliz, Karol"]
[Black "Warchol, Kamil"]
[Result "0-1"]
[BlackElo "1751"]
[WhiteElo "1372"]
[LiveChessVersion "1.4.8"]

1. e4 {[%clk 0:15:18]} c5 {[%clk 0:15:20]} 2. Nf3 {[%clk 0:15:26]} d6
{[%clk 0:15:29]} 3. d4 {[%clk 0:15:35]} cxd4 {[%clk 0:15:38]} 4. Nxd4
{[%clk 0:15:44]} Nf6 {[%clk 0:15:45]} 5. Nc3 {[%clk 0:15:44]} Nc6
{[%clk 0:15:53]} 6. Bg5 {[%clk 0:15:13]} Qb6 {[%clk 0:16:02]} 7. Nb3
{[%clk 0:15:02]} e6 {[%clk 0:16:07]} 8. Qd2 {[%clk 0:14:37]} Be7 {[%clk 0:16:11]}
9. O-O-O {[%clk 0:14:25]} O-O {[%clk 0:16:17]} 10. f3 {[%clk 0:14:29]} Rd8
{[%clk 0:16:25]} 11. Be3 {[%clk 0:14:25]} Qc7 {[%clk 0:16:30]} 12. Nb5
{[%clk 0:13:55]} Qb8 {[%clk 0:16:31]} 13. Bf4 {[%clk 0:13:47]} e5
{[%clk 0:15:51]} 14. Bg5 {[%clk 0:13:42]} Be6 {[%clk 0:15:37]} 15. Nc3
{[%clk 0:13:27]} h6 16. Bxf6 {[%clk 0:12:50]} Bxf6 {[%clk 0:14:59]} 17. Kb1
{[%clk 0:12:50]} a5 {[%clk 0:12:34]} 18. Nd5 {[%clk 0:12:51]} Bxd5
{[%clk 0:12:15]} 19. Qxd5 {[%clk 0:12:55]} Nb4 20. Qd2 {[%clk 0:12:23]} d5
{[%clk 0:10:22]} 21. exd5 {[%clk 0:12:05]} Rxd5 {[%clk 0:10:10]} 22. Qe1
{[%clk 0:11:33]} Qc7 {[%clk 0:09:15]} 23. c3 {[%clk 0:11:00]} Rxd1+
{[%clk 0:09:09]} 24. Qxd1 {[%clk 0:11:06]} Rd8 {[%clk 0:09:16]} 25. Qe1
{[%clk 0:10:39]} Nd5 {[%clk 0:07:50]} 26. Be2 {[%clk 0:10:11]} Qb6
{[%clk 0:07:31]} 27. Qg1 {[%clk 0:09:36]} Ne3 {[%clk 0:07:23]} 28. Nxa5
{[%clk 0:08:11]} Rd2 {[%clk 0:07:28]} 29. Nc4 {[%clk 0:07:11]} Nxc4
{[%clk 0:07:33]} 30. Qxb6 {[%clk 0:07:18]} Nxb6 {[%clk 0:07:42]} 31. Re1
{[%clk 0:07:19]} Kf8 {[%clk 0:07:42]} 32. g3 {[%clk 0:07:22]} Ke7
{[%clk 0:07:40]} 33. h4 {[%clk 0:07:31]} Na4 {[%clk 0:07:47]} 34. Kc1
{[%clk 0:07:20]} Rxb2 {[%clk 0:07:18]} 35. Bd1 {[%clk 0:07:12]} Rxa2
{[%clk 0:07:26]} 36. Bxa4 {[%clk 0:07:03]} Rxa4 {[%clk 0:07:35]} 37. Kc2
{[%clk 0:07:01]} Rc4 {[%clk 0:07:38]} 38. f4 {[%clk 0:06:57]} e4 {[%clk 0:07:42]}
39. Kb3 {[%clk 0:07:01]} Rxc3+ {[%clk 0:07:51]} 40. Kb4 {[%clk 0:07:08]} Rxg3
{[%clk 0:07:55]} 41. Rxe4+ {[%clk 0:07:17]} Kd6 {[%clk 0:08:04]} 42. f5
{[%clk 0:07:15]} Rh3 {[%clk 0:08:11]} 43. Kb5 {[%clk 0:07:21]} Rxh4
{[%clk 0:08:18]} 44. Re2 {[%clk 0:07:30]} Rd4 {[%clk 0:08:21]} 45. Kb6
{[%clk 0:07:35]} h5 {[%clk 0:08:25]} 46. Kxb7 {[%clk 0:07:41]} h4
{[%clk 0:08:33]} 47. Ra2 {[%clk 0:07:35]} h3 {[%clk 0:08:35]} 48. Ra6+
{[%clk 0:07:41]} Ke5 {[%clk 0:08:44]} 49. Ra5+ {[%clk 0:07:48]} Kf4
{[%clk 0:08:53]} 50. Ra2 {[%clk 0:07:55]} Rb4+ {[%clk 0:08:59]} 51. Kc6
{[%clk 0:08:01]} Rb2 {[%clk 0:09:08]} 52. Ra3 {[%clk 0:08:01]} h2
{[%clk 0:09:06]} 53. Rh3 {[%clk 0:08:06]} Kg4 {[%clk 0:09:15]} 54. Rh7
{[%clk 0:08:13]} Bh4 {[%clk 0:08:59]} 55. Rxg7+ {[%clk 0:08:19]} Kh3
{[%clk 0:09:07]} 56. Rxf7 {[%clk 0:08:12]} h1=Q+ {[%clk 0:09:10]} 0-1

[Event "MPJBiS 2020"]
[Site "?"]
[Date "2020.08.28"]
[Round "6.9"]
[White "Bochniak, Franciszek"]
[Black "Zieba, Hubert"]
[Result "1/2-1/2"]
[BlackElo "1448"]
[WhiteElo "1719"]
[LiveChessVersion "1.4.8"]

1. d4 {[%clk 0:15:18]} Nf6 {[%clk 0:15:18]} 2. c4 {[%clk 0:15:26]} c5
{[%clk 0:15:26]} 3. d5 {[%clk 0:15:32]} b5 {[%clk 0:15:35]} 4. cxb5
{[%clk 0:15:41]} a6 {[%clk 0:15:44]} 5. bxa6 {[%clk 0:15:47]} Bxa6
{[%clk 0:15:52]} 6. Nc3 {[%clk 0:15:56]} d6 {[%clk 0:16:00]} 7. e4
{[%clk 0:16:04]} Bxf1 {[%clk 0:16:08]} 8. Kxf1 {[%clk 0:16:12]} g6
{[%clk 0:16:10]} 9. g3 {[%clk 0:16:14]} Nbd7 {[%clk 0:16:18]} 10. Kg2
{[%clk 0:16:22]} Bg7 {[%clk 0:16:27]} 11. Nge2 {[%clk 0:16:31]} O-O
{[%clk 0:16:32]} 12. Re1 {[%clk 0:16:20]} Qb6 {[%clk 0:16:34]} 13. Qc2
{[%clk 0:16:18]} Rfb8 {[%clk 0:16:36]} 14. Rb1 {[%clk 0:14:49]} Ne8
{[%clk 0:16:25]} 15. Be3 {[%clk 0:14:37]} Qb7 {[%clk 0:16:15]} 16. b3
{[%clk 0:14:15]} Nc7 {[%clk 0:16:17]} 17. Red1 {[%clk 0:13:43]} Nb5
{[%clk 0:16:16]} 18. Nxb5 {[%clk 0:13:47]} Qxb5 {[%clk 0:16:23]} 19. h3
{[%clk 0:11:32]} Ra3 {[%clk 0:14:45]} 20. Bc1 {[%clk 0:09:12]} Ra6
{[%clk 0:14:39]} 21. Be3 {[%clk 0:07:34]} Rba8 {[%clk 0:14:17]} 22. Nc1
{[%clk 0:06:37]} Nf6 {[%clk 0:13:46]} 23. Rd2 {[%clk 0:05:44]} Ne8
{[%clk 0:13:18]} 24. a4 {[%clk 0:05:21]} Qb7 {[%clk 0:13:18]} 25. Qd3
{[%clk 0:05:02]} Nc7 {[%clk 0:12:11]} 26. Ne2 {[%clk 0:04:42]} Rb8
{[%clk 0:12:02]} 27. Rdd1 {[%clk 0:04:28]} Raa8 {[%clk 0:11:35]} 28. Nc3
{[%clk 0:02:58]} Qa6 {[%clk 0:11:00]} 29. Qc2 1/2-1/2

[Event "MPJBiS 2020"]
[Site "?"]
[Date "2020.08.28"]
[Round "6.10"]
[White "Zielonka, Adam"]
[Black "Karp, Kacper"]
[Result "1/2-1/2"]
[BlackElo "1364"]
[WhiteElo "1609"]
[LiveChessVersion "1.4.8"]

1. Nf3 {[%clk 0:15:17]} d5 {[%clk 0:15:05]} 2. b3 {[%clk 0:15:24]} Nf6
{[%clk 0:14:55]} 3. Bb2 {[%clk 0:15:32]} e6 {[%clk 0:15:04]} 4. e3
{[%clk 0:15:33]} c5 {[%clk 0:14:49]} 5. Bb5+ {[%clk 0:15:41]} Bd7
{[%clk 0:14:35]} 6. Bxd7+ {[%clk 0:15:47]} Nbxd7 {[%clk 0:14:36]} 7. d3
{[%clk 0:15:55]} Bd6 {[%clk 0:14:09]} 8. Nbd2 {[%clk 0:16:01]} O-O
{[%clk 0:14:06]} 9. O-O {[%clk 0:16:07]} Re8 {[%clk 0:13:08]} 10. e4
{[%clk 0:15:55]} dxe4 {[%clk 0:12:21]} 11. Nxe4 {[%clk 0:15:53]} Nxe4
{[%clk 0:12:03]} 12. dxe4 {[%clk 0:16:01]} Qc7 {[%clk 0:11:03]} 13. Qe2
{[%clk 0:15:41]} Ne5 {[%clk 0:08:36]} 14. Nxe5 {[%clk 0:15:01]} Bxe5
{[%clk 0:08:44]} 15. Bxe5 {[%clk 0:15:09]} Qxe5 {[%clk 0:08:52]} 16. Rad1
{[%clk 0:15:11]} Red8 {[%clk 0:08:07]} 17. Rd3 {[%clk 0:14:18]} Rd4
{[%clk 0:06:55]} 18. Rfd1 {[%clk 0:13:36]} f5 {[%clk 0:05:50]} 19. Rxd4
{[%clk 0:13:13]} cxd4 {[%clk 0:05:53]} 20. Re1 {[%clk 0:12:53]} f4
{[%clk 0:02:47]} 21. Qc4 {[%clk 0:12:20]} Rd8 {[%clk 0:01:20]} 22. f3
{[%clk 0:12:01]} g5 {[%clk 0:00:22]} 23. h3 {[%clk 0:11:10]} h5 {[%clk 0:00:16]}
24. Qb4 {[%clk 0:10:13]} b6 {[%clk 0:00:14]} 25. Re2 {[%clk 0:08:47]} Qc5
{[%clk 0:00:12]} 26. Qxc5 {[%clk 0:08:54]} bxc5 {[%clk 0:00:21]} 27. Rd2
{[%clk 0:08:52]} e5 {[%clk 0:00:26]} 28. Kf2 {[%clk 0:08:48]} Rd6
{[%clk 0:00:22]} 29. Rd1 {[%clk 0:08:41]} Ra6 {[%clk 0:00:26]} 30. Ra1
{[%clk 0:08:44]} Ra3 {[%clk 0:00:32]} 31. Ke2 {[%clk 0:08:51]} Kf7
{[%clk 0:00:18]} 32. Kd2 {[%clk 0:08:43]} Ke6 {[%clk 0:00:19]} 33. Kc1
{[%clk 0:08:47]} Kd6 {[%clk 0:00:25]} 34. Kb2 {[%clk 0:08:55]} Ra6
{[%clk 0:00:25]} 35. a4 {[%clk 0:08:46]} Kc6 {[%clk 0:00:22]} 36. Kc1
{[%clk 0:08:52]} Rb6 {[%clk 0:00:26]} 37. Kd2 {[%clk 0:08:58]} a5
{[%clk 0:00:24]} 38. Kd3 {[%clk 0:08:23]} Rb4 {[%clk 0:00:31]} 39. Ra3
{[%clk 0:06:23]} Rb7 {[%clk 0:00:26]} 40. Ra1 {[%clk 0:06:19]} Rg7
{[%clk 0:00:30]} 41. Rh1 {[%clk 0:06:21]} g4 42. hxg4 hxg4 43. fxg4 1/2-1/2

[Event "MPJBiS 2020"]
[Site "?"]
[Date "2020.08.28"]
[Round "6.11"]
[White "Borowik, Wojciech"]
[Black "Tarlowski, Bartosz"]
[Result "1-0"]
[BlackElo "1256"]
[WhiteElo "1528"]
[LiveChessVersion "1.4.8"]

1. d4 {[%clk 0:15:15]} d5 {[%clk 0:15:16]} 2. c4 {[%clk 0:15:22]} e6
{[%clk 0:15:24]} 3. Nc3 {[%clk 0:15:29]} Nf6 {[%clk 0:15:32]} 4. Bg5
{[%clk 0:15:35]} Be7 {[%clk 0:15:40]} 5. e3 {[%clk 0:15:28]} Nbd7
{[%clk 0:15:46]} 6. Nf3 {[%clk 0:15:33]} O-O {[%clk 0:15:53]} 7. Bd3
{[%clk 0:15:31]} dxc4 {[%clk 0:15:38]} 8. Bxc4 {[%clk 0:15:39]} c5
{[%clk 0:15:47]} 9. O-O {[%clk 0:15:33]} cxd4 {[%clk 0:15:53]} 10. exd4
{[%clk 0:15:17]} b6 {[%clk 0:15:28]} 11. Qe2 {[%clk 0:13:53]} Bb7
{[%clk 0:15:17]} 12. Rfe1 {[%clk 0:13:21]} h6 {[%clk 0:15:18]} 13. Bh4
{[%clk 0:13:18]} Rc8 {[%clk 0:15:06]} 14. Bb3 {[%clk 0:12:51]} Bb4
{[%clk 0:14:56]} 15. Rac1 {[%clk 0:12:13]} Bxc3 {[%clk 0:14:48]} 16. bxc3
{[%clk 0:12:18]} Qc7 17. Bg3 {[%clk 0:05:51]} Qd8 {[%clk 0:14:43]} 18. Bd6
{[%clk 0:05:51]} Re8 {[%clk 0:14:46]} 19. Ne5 {[%clk 0:05:27]} Ne4 20. Ba3 Nxe5
{[%clk 0:14:07]} 21. dxe5 {[%clk 0:05:36]} Qg5 {[%clk 0:14:11]} 22. f3
{[%clk 0:03:58]} Nd2 {[%clk 0:10:38]} 23. h4 {[%clk 0:01:54]} Qf4
{[%clk 0:09:41]} 24. Qf2 {[%clk 0:01:21]} Nxb3 {[%clk 0:09:24]} 25. axb3
{[%clk 0:01:30]} Red8 {[%clk 0:08:42]} 26. Bd6 {[%clk 0:01:32]} Qf5
{[%clk 0:05:37]} 27. Re3 {[%clk 0:01:10]} f6 {[%clk 0:05:00]} 28. g4
{[%clk 0:00:39]} Qg6 {[%clk 0:05:04]} 29. Be7 {[%clk 0:00:35]} Rd7
{[%clk 0:04:56]} 30. exf6 {[%clk 0:00:36]} gxf6 {[%clk 0:04:57]} 31. Rxe6
{[%clk 0:00:32]} Qf7 {[%clk 0:05:02]} 32. Rce1 {[%clk 0:00:28]} Re8
{[%clk 0:05:08]} 33. Qe3 {[%clk 0:00:27]} Bd5 {[%clk 0:05:11]} 34. Rxf6
{[%clk 0:00:19]} Qxe7 {[%clk 0:05:18]} 35. Rg6+ {[%clk 0:00:27]} Kh7
{[%clk 0:05:24]} 36. Qxh6# {[%clk 0:00:35]} 1-0

[Event "MPJBiS 2020"]
[Site "?"]
[Date "2020.08.28"]
[Round "7.1"]
[White "Krawczyk, Flawian"]
[Black "Seemann, Jakub"]
[Result "0-1"]
[BlackElo "1687"]
[WhiteElo "1728"]
[LiveChessVersion "1.4.8"]

1. e4 e5 2. Nf3 Nc6 3. d4 exd4 4. Nxd4 Nf6 5. Nxc6 bxc6 6. Qe2 d5 7. exd5+ Be7 8.
dxc6 O-O 9. Nc3 Re8 10. Be3 Ng4 11. Qd3 Bd6 12. g3 Qf6 13. O-O-O Nxe3 14. fxe3
Rb8 15. Nb5 Bf5 16. Qd2 Ba3 17. Qc3 Qxc3 18. Nxc3 Rxb2 19. Bd3 Bg4 20. Rdf1 Rb6+
21. Kd2 Rxc6 22. Rb1 Bc5 23. Rhe1 Rce6 24. e4 c6 25. Ne2 g5 26. Nc3 f5 27. exf5
Be3+ 28. Rxe3 Rxe3 29. Rf1 Rf3 30. Rxf3 Bxf3 31. Ne2 Bxe2 32. Bxe2 Kg7 33. Bd3
Kf6 34. Kc3 Re1 35. Kc4 Rh1 36. h4 gxh4 37. gxh4 Rxh4+ 38. Kc5 h5 39. Kxc6 Rd4
40. Bf1 h4 41. c4 Rf4 42. Bg2 Rxc4+ 0-1

[Event "MPJBiS 2020"]
[Site "?"]
[Date "2020.08.28"]
[Round "7.2"]
[White "Grot, Blazej"]
[Black "Raczek, Krzysztof"]
[Result "1-0"]
[BlackElo "1559"]
[WhiteElo "1601"]
[LiveChessVersion "1.4.8"]

1. c4 {[%clk 0:15:19]} g6 {[%clk 0:14:27]} 2. g3 {[%clk 0:15:23]} Bg7
{[%clk 0:14:36]} 3. Bg2 {[%clk 0:15:30]} e5 {[%clk 0:14:45]} 4. Nc3
{[%clk 0:15:36]} d6 {[%clk 0:14:54]} 5. e3 {[%clk 0:15:42]} Ne7 {[%clk 0:15:00]}
6. Nge2 {[%clk 0:15:50]} O-O {[%clk 0:15:07]} 7. O-O {[%clk 0:15:58]} Nbc6
{[%clk 0:15:15]} 8. a3 {[%clk 0:16:03]} a5 {[%clk 0:15:24]} 9. Rb1
{[%clk 0:16:11]} f5 {[%clk 0:15:30]} 10. b4 {[%clk 0:16:15]} axb4
{[%clk 0:15:38]} 11. axb4 {[%clk 0:16:23]} e4 {[%clk 0:15:45]} 12. d4
{[%clk 0:16:18]} exd3 {[%clk 0:15:52]} 13. Qxd3 {[%clk 0:16:20]} Ne5
{[%clk 0:16:01]} 14. Qc2 {[%clk 0:16:21]} Kh8 {[%clk 0:15:58]} 15. Nd5
{[%clk 0:16:08]} Nxd5 {[%clk 0:15:57]} 16. cxd5 {[%clk 0:16:08]} Bd7
{[%clk 0:15:18]} 17. Nd4 {[%clk 0:15:27]} Ba4 {[%clk 0:14:48]} 18. Qe2
{[%clk 0:15:25]} Qd7 {[%clk 0:14:11]} 19. Bb2 {[%clk 0:15:00]} Rfe8
{[%clk 0:13:36]} 20. Rfc1 {[%clk 0:14:43]} c6 {[%clk 0:12:55]} 21. h3
{[%clk 0:11:08]} Rac8 {[%clk 0:10:40]} 22. f4 {[%clk 0:10:42]} Nf7
{[%clk 0:10:34]} 23. Ne6 {[%clk 0:10:49]} Rxe6 {[%clk 0:10:33]} 24. Bxg7+
{[%clk 0:10:24]} Kxg7 {[%clk 0:10:41]} 25. dxe6 {[%clk 0:10:29]} Qxe6
{[%clk 0:10:50]} 26. Rc3 {[%clk 0:10:01]} d5 {[%clk 0:10:45]} 27. Qb2
{[%clk 0:07:41]} Kg8 {[%clk 0:10:43]} 28. Ra1 {[%clk 0:07:47]} Bb5
{[%clk 0:10:50]} 29. Ra7 {[%clk 0:07:46]} Nd6 {[%clk 0:10:41]} 30. Qa1
{[%clk 0:07:14]} Qe8 {[%clk 0:10:27]} 31. Rca3 {[%clk 0:07:10]} Nc4
{[%clk 0:10:35]} 32. Rxb7 {[%clk 0:07:13]} Qf8 {[%clk 0:10:21]} 33. Raa7
{[%clk 0:07:16]} Qh6 {[%clk 0:09:59]} 34. Rg7+ {[%clk 0:07:16]} 1-0